000 00402nam a2200157Ia 4500
005 20240619005804.0
008 240331s9999 xx 000 0 und d
082 _bGAN
_a891.48
100 _aGanasalingan, S
245 0 _aSoorian kizhakkil uthippathillai
_cS.Ganeshalingam
260 _aChennai
_bKumaran Publishers
_c1997
300 _a120 p .,
650 _aSocial
650 _aFeminism
942 _cL
999 _c3881
_d3881